Alle Pokémon anhand von Bildern erkennen - Paldea - Statistiken

Allgemein
  • Dieses Quiz wurde 20 mal gespielt
  • Das Durchschnittsergebnis liegt bei 61 aus 120
Antwortstatistiken
Bildquiz Antwort % Korrekt
Krokel
90%
Koraidon
80%
Miraidon
80%
Brüllschweif
70%
Dummimisel
70%
Eisenkrieger
70%
Feliospa
70%
Fuentente
70%
Schligda
70%
Schligdri
70%
Agiluza
60%
Backel
60%
Cryospino
60%
Donnersichel
60%
Eisenfels
60%
Eisenhand
60%
Eisenrad
60%
Epitaff
60%
Famieps
60%
Farigiraf
60%
Felori
60%
Flaniwal
60%
Fragrunz
60%
Friedwuff
60%
Frospino
60%
Klibbe
60%
Knattatox
60%
Kolowal
60%
Lumispross
60%
Monetigo
60%
Pamamo
60%
Pamo
60%
Pamomamo
60%
Saltigant
60%
Schlurm
60%
Sirapfel
60%
Terapagos
60%
Affiti
50%
Azugladis
50%
Bailonda
50%
Benesaru
50%
Blipp
50%
Chilingel
50%
Delfinator
50%
Dinglu
50%
Eisenblatt
50%
Eisenbündel
50%
Eisendorn
50%
Eisenfalter
50%
Eisenhals
50%
Eisenhaupt
50%
Fatalitcha
50%
Flaminkno
50%
Flatterhaar
50%
Flattutu
50%
Forgita
50%
Geosali
50%
Granforgita
50%
Gruff
50%
Hefel
50%
Knarbon
50%
Knattox
50%
Lextremo
50%
Lokroko
50%
Lumiflora
50%
Maskagato
50%
Mastifioso
50%
Micrick
50%
Mobtiff
50%
Mopex
50%
Ogerpon
50%
Olini
50%
Riesenzahn
50%
Sandfell
50%
Sedisal
50%
Skarabaks
50%
Skelokrok
50%
Sproxi
50%
Tentagra
50%
Tenterra
50%
Voltrean
50%
Voltrel
50%
Windewoge
50%
Wutpilz
50%
Zwieps
50%
Baojian
40%
Chongjian
40%
Crimanzo
40%
Espinodon
40%
Ferkuli
40%
Furienblitz
40%
Gladimperio
40%
Halupenjo
40%
Heerashai
40%
Horrerba
40%
Hydrapfel
40%
Infamomo
40%
Keilflamme
40%
Krawalloro
40%
Kriechflügel
40%
Kwaks
40%
Mortcha
40%
Nigiragi
40%
Normifin
40%
Olithena
40%
Olivinio
40%
Psiopatra
40%
Relluk
40%
Spinsidias
40%
Suelord
40%
Tafforgita
40%
Tarundel
40%
Wampitz
40%
Weherba
40%
Yuyu
40%
Adebom
30%
Beatori
30%
Boninu
30%
Briduradon
30%
Gierspinst
10%
Keine übereinstimmenden Quizze gefunden
Verteilung der Resultate
Anzahl Personen mit jedem Resultat
Perzentil nach korrekt beantworteten Fragen
Ihre Resultats-Entwicklung
Sie haben dieses Quiz noch nicht gespielt